Metodológia a aplikácie SVAR modelov diplomová práca

Saved in:
Bibliographic Details
Main Author: Žuchovská, Lenka
Corporate Author: Fakulta hospodárskej informatiky EU. Katedra operačného výskumu a ekonometrie
Other Authors: Lukáčik, Martin, 1974-
Format: Book
Language:Slovak
Published: Bratislava 2018
Tags: Add Tag
No Tags, Be the first to tag this record!

MARC

LEADER 00000nbm a2200000 4500
001 0243604
005 20180917084426.1
041 0 |a slo 
044 |a SK 
245 1 0 |a Metodológia a aplikácie SVAR modelov  |b diplomová práca  |c Lenka Žuchovská ; školiteľ: Martin Lukáčik 
264 1 |a Bratislava  |c 2018 
300 |a 49 s. 
100 1 |a Žuchovská, Lenka 
700 1 |a Lukáčik, Martin, 1974- 
710 2 |a Fakulta hospodárskej informatiky EU. Katedra operačného výskumu a ekonometrie